|
|
|
|
| LEADER |
01785nam a2200517 a 4500 |
| 001 |
000758920 |
| 003 |
CZ BrMZK |
| 005 |
20080118070634.0 |
| 007 |
ta |
| 008 |
050111s2004 xr a erf 000 0 cze d |
| 015 |
|
|
|a cnb001489444
|
| 020 |
|
|
|a 80-7207-557-8
|q (váz.)
|
| 035 |
|
|
|a (OCoLC)85130236
|
| 040 |
|
|
|a BOA001
|b cze
|
| 041 |
1 |
|
|a cze
|h ger
|
| 072 |
|
7 |
|a 133
|x Ezoterismus. Okultismus
|2 Konspekt
|9 17
|
| 080 |
|
|
|a 633.8:133
|2 MRF
|
| 080 |
|
|
|a 133.4(=15)
|2 MRF
|
| 080 |
|
|
|a 257.62
|2 MRF
|
| 080 |
|
|
|a 615.89:633.88
|2 MRF
|
| 080 |
|
|
|a 582.091
|2 MRF
|
| 080 |
|
|
|a 13
|2 MRF
|
| 080 |
|
|
|a 39
|2 MRF
|
| 080 |
|
|
|a (035)
|2 MRF
|
| 100 |
1 |
|
|a Storl, Wolf-Dieter,
|d 1942-
|7 jn20010310172
|4 aut
|
| 245 |
1 |
0 |
|a Magické rostliny Keltů :
|b léčitelství, rostlinná kouzla, stromový kalendář /
|c Wolf-Dieter Storl ; [přeložila Eva Černá]
|
| 250 |
|
|
|a Vyd. 1.
|
| 260 |
|
|
|a Praha :
|b Volvox Globator,
|c 2004
|
| 300 |
|
|
|a 339 s. :
|b il. ;
|c 21 cm
|
| 490 |
1 |
|
|a Mandragora ;
|v sv. 10
|
| 500 |
|
|
|a Přeloženo z němčiny
|
| 504 |
|
|
|a Obsahuje bibliografii
|
| 650 |
0 |
7 |
|a magické rostliny
|7 ph115202
|2 czenas
|
| 650 |
0 |
7 |
|a keltská magie
|7 ph114901
|2 czenas
|
| 650 |
0 |
7 |
|a druidismus
|7 ph230286
|2 czenas
|
| 650 |
0 |
7 |
|a fytoterapie
|7 ph120421
|x duchovní aspekty
|2 czenas
|
| 650 |
0 |
7 |
|a fytoterapie
|7 ph120421
|x etnografické aspekty
|2 czenas
|
| 650 |
0 |
7 |
|a stromy
|7 ph116301
|x duchovní aspekty
|2 czenas
|
| 650 |
0 |
7 |
|a stromy
|7 ph116301
|x etnografické aspekty
|2 czenas
|
| 655 |
|
7 |
|a příručky
|7 fd133209
|2 czenas
|
| 765 |
0 |
|
|t Pflanzen der Kelten
|9 Česky
|
| 830 |
|
0 |
|a Mandragora (Volvox Globator)
|0 s
|
| 910 |
|
|
|a BOA001
|b 2-1146.529
|
| 990 |
|
|
|a BK
|
| 991 |
|
|
|b 200502
|c NOV
|
| 996 |
6 |
|
|b 2610239685
|c 2-1146.529
|l MZK
|r Sklad / do 1 hodiny
|n 10
|p p.v.
|w 000758920
|u 000010
|a 1
|e BOA001
|j MZK50
|s P
|